ARRUPE JESUIT UNIVERSITY

CORONAVIRUS -STOP THE SPREAD - CLEAN,DISINFECT,COVER

The rise of American philosophy : (Record no. 122513)

MARC details
000 -LEADER
fixed length control field 00988cam a2200325 i 4500
001 - CONTROL NUMBER
control field 4427208
003 - CONTROL NUMBER IDENTIFIER
control field ARRUPE
005 - DATE AND TIME OF LATEST TRANSACTION
control field 20150326171013.0
008 - FIXED-LENGTH DATA ELEMENTS--GENERAL INFORMATION
fixed length control field 761018s1977 ctua b 001 0 eng
010 ## - LIBRARY OF CONGRESS CONTROL NUMBER
LC control number 76049912
020 ## - INTERNATIONAL STANDARD BOOK NUMBER
International Standard Book Number 0300020392
035 ## - SYSTEM CONTROL NUMBER
System control number (OCoLC)2542652
035 ## - SYSTEM CONTROL NUMBER
System control number (OCoLC)ocm02542652
035 ## - SYSTEM CONTROL NUMBER
System control number (NNC)4427208
040 ## - CATALOGING SOURCE
Original cataloging agency DLC
Transcribing agency DLC
Modifying agency NNUT
043 ## - GEOGRAPHIC AREA CODE
Geographic area code n-us---
-- n-us-ma
050 0# - LIBRARY OF CONGRESS CALL NUMBER
Classification number B935
Item number .K84
090 ## - LOCALLY ASSIGNED LC-TYPE CALL NUMBER (OCLC); LOCAL CALL NUMBER (OCLC)
Classification number (OCLC) (R) ; Classification number, CALL (RLIN) (NR) B935
Local cutter number (OCLC) ; Book number/undivided call number, CALL (RLIN) .K84
300 ## - PHYSICAL DESCRIPTION
Other physical details ill. ;
Dimensions 24 cm.
100 1# - MAIN ENTRY--PERSONAL NAME
Personal name Kuklick, Bruce,
Dates associated with a name 1941-
9 (RLIN) 16631
245 14 - TITLE STATEMENT
Title The rise of American philosophy :
Remainder of title Cambridge, Massachusetts, 1860-1930 /
Statement of responsibility, etc Bruce Kuklick.
260 ## - PUBLICATION, DISTRIBUTION, ETC. (IMPRINT)
Place of publication, distribution, etc New Haven :
Name of publisher, distributor, etc Yale University Press,
Date of publication, distribution, etc 1977.
300 ## - PHYSICAL DESCRIPTION
Extent xxvii, 674 p. :
500 ## - GENERAL NOTE
General note Includes index.
504 ## - BIBLIOGRAPHY, ETC. NOTE
Bibliography, etc Bibliography: p. 639-652.
610 20 - SUBJECT ADDED ENTRY--CORPORATE NAME
Corporate name or jurisdiction name as entry element Harvard University.
9 (RLIN) 16632
650 #0 - SUBJECT ADDED ENTRY--TOPICAL TERM
Topical term or geographic name as entry element Philosophy, American
Chronological subdivision 19th century.
9 (RLIN) 16633
650 #0 - SUBJECT ADDED ENTRY--TOPICAL TERM
Topical term or geographic name as entry element Philosophy, American
Chronological subdivision 20th century.
9 (RLIN) 13328
942 ## - ADDED ENTRY ELEMENTS (KOHA)
Source of classification or shelving scheme Library of Congress Classification
Koha item type Monograph ( Printed materials)
Holdings
Withdrawn status Lost status Source of classification or shelving scheme Damaged status Not for loan Collection code Home library Current library Shelving location Date acquired Total Checkouts Full call number Barcode Date last seen Price effective from Koha item type
    Library of Congress Classification     Main Collection ARRUPE LIBRARY ARRUPE LIBRARY Main Collection 26/03/2015   B935 .K84 46500002618 26/03/2015 26/03/2015 Monograph ( Printed materials)

 

Arrupe Library. PO Box MP320 Mt Pleasant, Harare, Zimbabwe
263 242 745411|librarian@aju.ac.zw